000 00345nam a22001457a 4500
008 210427b ||||| |||| 00| 0 eng d
020 _a2900787947209
041 _aeng
080 _22nd
_a37
082 _a37
100 _a46
101 _aEDU
245 _aThe Handbook of Student Affairs Administration
_cMargaret J. Barr
942 _2udc
_cBK
999 _c56859
_d56859